Protocolo de comunicación para proyectos mineros / (Registro nro. 19129)

Detalles MARC
000 -CABECERA
Campo de control 00814nam a22002177a 4500
005 - FECHA Y HORA DE LA ULTIMA TRANSACCION
Campo de control 20200131073131.0
008 - ELEMENTOS DE LONGITUD FIJA—INFORMACION GENERAL
Campo de control 161123t2015 ck ad|||r|||| 00| 0 spa d
020 ## - ISBN
ISBN 9789585938304
040 ## - FUENTE DE CATALOGACIÓN
Agencia catalogadora original CO-BoIAVH
Agencia transcriptora CO-BoIAVH
041 0# - IDIOMA
Código de idioma para texto/pista de sonido o título separado Español
044 ## - PAÍS DE PUBLICACIÓN
País de publicación Colombia
082 04 - NUMERO DE CLASIFICACION DECIMAL DEWEY
Número de clasificación 331.76584
Número del ítem P96c
110 ## - ASIENTO PRINCIPAL--NOMBRE CORPORATIVO
9 (RLIN) 87407
Nombre corporativo o de jurisdicción como elemento de entrada Ministerio de minas y energía
245 00 - MENCION DE TITULO
Título Protocolo de comunicación para proyectos mineros /
Mención de responsabilidad Ministerio de Minas y Energía
260 ## - PUBLICACION, DISTRIBUCION, ETC. (PIE DE IMPRENTA)
Lugar de publicación, distribución, etc. Bogotá, Colombia :
Nombre del editor, distribuidor, etc. Ministerio de Minas y Energía,
Fecha de publicación, distribución, etc. 2015.
300 ## - DESCRIPCION FISICA
Extensión 32 páginas :
Otros detalles físicos ilustraciones a color y tablas ;
Dimensiones 28 x 22 cm.
650 26 - ASIENTO SECUNDARIO DE MATERIA - TERMINO TEMATICO
Término temático o nombre geográfico como elemento de entrada Minería
Subdivisión general Proyectos
-- Comunicación
Subdivisión de forma Protocolos
9 (RLIN) 77237
650 26 - ASIENTO SECUNDARIO DE MATERIA - TERMINO TEMATICO
Término temático o nombre geográfico como elemento de entrada Minería
Subdivisión general Proyectos
-- Metodología
9 (RLIN) 77238
650 26 - ASIENTO SECUNDARIO DE MATERIA - TERMINO TEMATICO
Término temático o nombre geográfico como elemento de entrada Minería
Subdivisión general Proyectos
-- Comunicación de masas
9 (RLIN) 77239
942 ## - ELEMENTOS ADICIONALES (KOHA)
Sistema de clasificación Dewey Decimal Classification
Tipo de ítem Folleto
Existencias
Withdrawn status Lost status Sistema de Clasificación Damaged status No para préstamo Colección Inventariado Ubicación Permanente Ubicación actual Fecha de adquisición Fuente de Valor Valor Total Checkouts Número topográfico Inventario / Código de Barras Date last seen Ejemplar Price effective from Forma de adquisición Tipo de material
    Local     Hemeroteca Inventariado 2017 Bogotá Bogotá 23/11/2016 Instituto 39000.00   FG-0436 040817 23/11/2016 Ej. 1 23/11/2016 Donación Folleto
    Local     Hemeroteca   Bogotá Bogotá 31/01/2020       FG-0436 044048 31/01/2020 Ej. 2 31/01/2020 Donación Folleto